000 00851nam a22002417a 4500
999 _c10920
_d10920
003 AR-CdUCM
008 190402b ||||| |||| 00| 0 spa d
020 _a84-253-0510-1
040 _aMUNICIPALIDAD PROVINCIAL DEL CUSCO
_cBIBLIOTECA MUNICIPAL DEL CUSCO
082 _28ed.
_aES / 030.083 /
_bZ35
100 _aZanini, Giuseppe
_927993
245 _aEl libro del donde :
_bUna respuesta a todas vuestras preguntas /
260 _aMilán :
_bGrijalbo,
_c1975.
300 _a187 paginas ;
_c26 cm.
440 _aBiblioteca básica juvenil
_918150
505 _aContenido :Libro del donde.
650 _aEducación secundaria
_94648
700 _aBonanni, Andréa (colaboradora)
_927994
700 _aBracco, Pinuccia (colaboradora) y otros
_927995
700 _aMenini, María Antonieta (traductora)
_927996
942 _2ddc
_cLIBROS
945 _arum